00739nam a22002057a 450000500170000001000150001702000260003203500140005803700090007208200160008110000240009724500630012125000060018426000360019027000820022630000210030894200300032999900190035995201550037820240905122452.0 aENG-141653 a9788178244631c595.00 aEN-125185 bDBAD a780.954321 aDhar, Sheila971128 aRaga'n Josh:bStories From a Musical Life/cBy Sheila Dhar a1 aRanikhetbPermanent Blackc2017 a'Himalyana' , Mall Road, Ranikhet CanttbRanikhete263645mperblack@gmail.com a405p.c21cm.(pb) 2ddccENh780.9543mDHAe1 c205588d205588 001040708NFICaLbLd2024-09-05eDelivery of Books Act Divisiong595.00l0o780.9543 DHApEN-125185r2024-09-05 00:00:00t1v595.00w2024-09-05yEN